000 00327nam a2200133Ia 4500
008 151213s9999 xx 000 0 und d
245 _aAdvanced learner's dictionary-Oxford
250 _a6th
260 _aLondon
_bOxford press
300 _a1034 p.
650 _a English Language
650 _aEnglish Language
999 _c1008
_d1008